000 00732nam a22001817a 4500
003 UA-OsUOA
001 13948
007 ta
008 20030706b un ||||| |||| 00| 0 ukr d
100 _aГерус В.
942 _cSA
040 _aUA-OsUOA
_cUA-OsUOA
_dUA-OsUOA
245 _aПавільйон не вмістив усіх охочих : Такою популярністю користується спеціаліз. виставка "Архітектура. Будівництво. Комфорт", організована Рівнен. торг.-пром. палатою
300 _aС.3
955 _a0
773 0 _w0
_tСім днів
_dРівне
_d2003
_g№25/20 черв./
650 7 _aВиставки
_2UDC
999 _c300109
_d300109